Statistics for Golden State Warriors All-NBA Players

Click here to take the quiz!

General Stats

  • This quiz has been taken 179 times
  • The average score is 10 of 19

Answer Stats

Player% Correct
Klay Thompson
99%
Stephen Curry
99%
Draymond Green
96%
Wilt Chamberlain
95%
Kevin Durant
92%
Chris Mullin
81%
Rick Barry
81%
Paul Arizin
60%
Tim Hardaway
58%
David Lee
49%
Latrell Sprewell
34%
Joe Fulks
29%
Neil Johnston
27%
Tom Gola
16%
Phil Smith
14%
Bernard King
13%
Andy Phillip
6%
Jack George
3%
Howie Dallmar
1%

Score Distribution

Percentile by Number Answered

Percent of People with Each Score

Your Score History

You have not taken this quiz